Improved Operating Performance of Mining Machine Picks; IOP Conference Series: Materials Science and Engineering; Vol. 142 : Innovative Technologies in Engineering

Մատենագիտական մանրամասներ
Parent link:IOP Conference Series: Materials Science and Engineering
Vol. 142 : Innovative Technologies in Engineering.— 2016.— [012115, 8 p.]
Համատեղ հեղինակներ: Национальный исследовательский Томский политехнический университет (ТПУ) Юргинский технологический институт (филиал) (ЮТИ) Кафедра безопасности жизнедеятельности, экологии и физического воспитания (БЖДЭФВ), Национальный исследовательский Томский политехнический университет (ТПУ) Юргинский технологический институт (филиал) (ЮТИ) Кафедра экономики и автоматизированных систем управления (ЭАСУ)
Այլ հեղինակներ: Prokopenko S. A. Sergey Arturovich, Li A., Kurzina I. A. Irina Aleksandrovna, Sushko A. V. Anastasiya Viktorovna
Ամփոփում:Title screen
The reasons of low performance of mining machine picks are stated herein. In order to improve the wear resistance and the cutting ability of picks a new design of a cutting carbide tip insert to be fixed on a removable and rotating pick head is developed. Owing to the new design, the tool ensures a twofold increase in the cutting force maintained longer, a twofold reduction in the specific power consumption of the breaking process, and extended service life of picks and the possibility of their multiple use.
Լեզու:անգլերեն
Հրապարակվել է: 2016
Խորագրեր:
Առցանց հասանելիություն:http://dx.doi.org/10.1088/1757-899X/142/1/012115
http://earchive.tpu.ru/handle/11683/34781
Ձևաչափ: Էլեկտրոնային Գրքի գլուխ
KOHA link:https://koha.lib.tpu.ru/cgi-bin/koha/opac-detail.pl?biblionumber=650492

MARC

LEADER 00000nla2a2200000 4500
001 650492
005 20231102025726.0
035 |a (RuTPU)RU\TPU\network\15710 
035 |a RU\TPU\network\15709 
090 |a 650492 
100 |a 20161007a2016 k y0engy50 ba 
101 0 |a eng 
102 |a GB 
105 |a y z 100zy 
135 |a drcn ---uucaa 
181 0 |a i  
182 0 |a b 
200 1 |a Improved Operating Performance of Mining Machine Picks  |f S. A. Prokopenko [et al.] 
203 |a Text  |c electronic 
300 |a Title screen 
320 |a [References: 17 tit.] 
330 |a The reasons of low performance of mining machine picks are stated herein. In order to improve the wear resistance and the cutting ability of picks a new design of a cutting carbide tip insert to be fixed on a removable and rotating pick head is developed. Owing to the new design, the tool ensures a twofold increase in the cutting force maintained longer, a twofold reduction in the specific power consumption of the breaking process, and extended service life of picks and the possibility of their multiple use. 
461 0 |0 (RuTPU)RU\TPU\network\2008  |t IOP Conference Series: Materials Science and Engineering 
463 0 |0 (RuTPU)RU\TPU\network\15319  |t Vol. 142 : Innovative Technologies in Engineering  |o VII International Scientific Practical Conference, 19–21 May 2016, Yurga, Russian Federation  |o [proceedings]  |v [012115, 8 p.]  |d 2016 
610 1 |a электронный ресурс 
610 1 |a труды учёных ТПУ 
610 1 |a производительность 
610 1 |a горные машины 
610 1 |a износостойкость 
610 1 |a режущая способность 
701 1 |a Prokopenko  |b S. A.  |c mining engineer, economist  |c Professor of Tomsk Polytechnic University and Yurga technological Institute of Tomsk Polytechnic University, Doctor of technical sciences  |f 1959-  |g Sergey Arturovich  |2 stltpush  |3 (RuTPU)RU\TPU\pers\34648 
701 1 |a Li  |b A. 
701 1 |a Kurzina  |b I. A.  |c Chemist  |c Associate Professor of Tomsk Polytechnic University, Candidate of chemical sciences  |f 1972-  |g Irina Aleksandrovna  |2 stltpush  |3 (RuTPU)RU\TPU\pers\32214 
701 1 |a Sushko  |b A. V.  |c economist  |c assistant of Yurga technological Institute of Tomsk Polytechnic University  |f 1982-  |g Anastasiya Viktorovna  |2 stltpush  |3 (RuTPU)RU\TPU\pers\35164  |9 18430 
712 0 2 |a Национальный исследовательский Томский политехнический университет (ТПУ)  |b Юргинский технологический институт (филиал) (ЮТИ)  |b Кафедра безопасности жизнедеятельности, экологии и физического воспитания (БЖДЭФВ)  |h 2240  |2 stltpush  |3 (RuTPU)RU\TPU\col\18930 
712 0 2 |a Национальный исследовательский Томский политехнический университет (ТПУ)  |b Юргинский технологический институт (филиал) (ЮТИ)  |b Кафедра экономики и автоматизированных систем управления (ЭАСУ)  |h 360  |2 stltpush  |3 (RuTPU)RU\TPU\col\18900 
801 2 |a RU  |b 63413507  |c 20170120  |g RCR 
856 4 |u http://dx.doi.org/10.1088/1757-899X/142/1/012115 
856 4 |u http://earchive.tpu.ru/handle/11683/34781 
942 |c CF